书目信息 |
| 题名: |
建筑空间速写教程
|
|
| 作者: | 陈威 著 | |
| 分册: | ||
| 出版信息: | 杭州 中国美术学院出版社 2019.09 |
|
| 页数: | 273页 | |
| 开本: | 30cm | |
| 丛书名: | ||
| 单 册: | ||
| 中图分类: | TU204.111 | |
| 科图分类: | ||
| 主题词: | 建筑艺术--jian zhu yi shu--速写技法--教材 | |
| 电子资源: | ||
| ISBN: | 978-7-5503-2037-6 | |
| 000 | 01089nam0 2200265 450 | |
| 001 | 2057044710 | |
| 005 | 20201107155050.76 | |
| 010 | @a978-7-5503-2037-6@dCNY138.00 | |
| 100 | @a20191129d2019 em y0chiy50 ea | |
| 101 | 0 | @achi |
| 102 | @aCN@b330000 | |
| 105 | @aa a 000yy | |
| 200 | 1 | @a建筑空间速写教程@Ajian zhu kong jian su xie jiao cheng@d= Sketch course of architectural space@f陈威著@zeng |
| 210 | @a杭州@c中国美术学院出版社@d2019.09 | |
| 215 | @a273页@c彩图@d30cm | |
| 300 | @a国美好教材 | |
| 314 | @a陈威, 现任教于中国美术学院建筑艺术学院。 | |
| 320 | @a有书目 (第273页) | |
| 330 | @a本书是国美好教材系列, 文中列举了建筑速写是建筑师进行收集、积累各种设计素材的手段, 掌握建筑速写对建筑师来说具有极其重要的意义, 它能够提高建筑师对建筑空间形态的敏锐观察力及对形象的提炼、概括能力, 提高对建筑造型、比例、尺度的感性判断能力。 | |
| 510 | 1 | @aSketch course of architectural space@zeng |
| 606 | 0 | @a建筑艺术@Ajian zhu yi shu@x速写技法@j教材 |
| 690 | @aTU204.111@v5 | |
| 701 | 0 | @a陈威@Achen wei@4著 |
| 801 | 0 | @aCN@b人天书店@c20201004 |
| 905 | @aZUCC@dTU204.111@eC583 | |
| 建筑空间速写教程= Sketch course of architectural space/陈威著.-杭州:中国美术学院出版社,2019.09 |
| 273页:彩图;30cm |
| 国美好教材 |
| ISBN 978-7-5503-2037-6:CNY138.00 |
| 本书是国美好教材系列, 文中列举了建筑速写是建筑师进行收集、积累各种设计素材的手段, 掌握建筑速写对建筑师来说具有极其重要的意义, 它能够提高建筑师对建筑空间形态的敏锐观察力及对形象的提炼、概括能力, 提高对建筑造型、比例、尺度的感性判断能力。 |
| ● |
| 相关链接 |
|
|
|
正题名:建筑空间速写教程
索取号:TU204.111/C583
 
预约/预借
| 序号 | 登录号 | 条形码 | 馆藏地/架位号 | 状态 | 备注 |
| 1 | 1486181 | 214861817 | 建筑库101/101建筑库 111排3列6层/ [索取号:TU204.111/C583] | 在馆 |